[Event "FIDE Olympiad Disabilties 2020"]
[Site "Online"]
[Date "2020.11.21"]
[Round "3.13"]
[White "Saponara Caizzi, Jose Maria"]
[Black "Nevarez Castro, Andres"]
[Result "0-1"]
[WhiteElo "1524"]
[BlackElo "1250"]
[Annotator "NA"]
[PlyCount "80"]
[EventDate "2020.11.21"]
[EventType "team-tourn"]
[EventCountry "NET"]
[SourceTitle "playchess.com"]
[Source "ChessBase"]
[SourceQuality "1"]
[WhiteTeam "Argentina"]
[BlackTeam "Ecuador"]
[WhiteTeamCountry "ARG"]
[BlackTeamCountry "ECU"]

1. e4 c5 2. Nc3 a6 3. f4 b5 4. Nf3 Bb7 5. d3 e6 6. Be2 d5 7. e5 Nc6 8. d4 Nh6 9. O-O Nf5 10. dxc5 Bxc5+ 11. Kh1 h5 12. Bd3 Nce7 13. Ne2 h4 14. Ng5 Qd7 15. Nh3 Nh6 16. c3 Nef5 17. Bxf5 Nxf5 18. Nd4 g6 19. Rf3 Qc7 20. a3 Qb6 21. Rd3 a5 22. Ng5 b4 23. axb4 axb4 24. Rxa8+ Bxa8 25. Ngf3 bxc3 26. bxc3 Bb7 27. Nxf5 gxf5 28. Nd4 Ke7 29. Be3 Rg8 30. Bf2 Rg4 31. Rh3 Rxf4 32. Bxh4+ Kd7 33. Bg3 Rg4 34. Rh4 Rxh4 35. Bxh4 Qa5 36. Be1 Qc7 37. h4 Qxe5 38. Qh5 Qxe1+ 39. Kh2 Bd6+ 40. Kh3 Qg3# 0-1

[Event "FIDE Olympiad Disabilties 2020"]
[Site "Online"]
[Date "2020.11.21"]
[Round "3.13"]
[White "Delgado Tigasi, Andrea"]
[Black "Grosso, Raul"]
[Result "1-0"]
[WhiteElo "1243"]
[BlackElo "1746"]
[Annotator "NA"]
[PlyCount "99"]
[EventDate "2020.11.21"]
[EventType "team-tourn"]
[EventCountry "NET"]
[SourceTitle "playchess.com"]
[Source "ChessBase"]
[SourceQuality "1"]
[WhiteTeam "Ecuador"]
[BlackTeam "Argentina"]
[WhiteTeamCountry "ECU"]
[BlackTeamCountry "ARG"]

1. d4 Nf6 2. c4 g6 3. Nc3 Bg7 4. e4 d6 5. f4 O-O 6. Nf3 Na6 7. a3 c5 8. d5 Bg4 9. Be2 Nc7 10. O-O a6 11. h3 Bd7 12. Be3 b5 13. e5 Nfe8 14. b3 Rb8 15. Qc2 Na8 16. cxb5 axb5 17. a4 bxa4 18. bxa4 Qa5 19. Bd2 Nac7 20. Nb5 Qa8 21. Bc4 Nxd5 22. Qe4 Bc6 23. Bxd5 Bxd5 24. Qc2 Qc6 25. Rac1 Nc7 26. exd6 exd6 27. Bc3 Nxb5 28. Bxg7 Kxg7 29. Qb2+ f6 30. axb5 Rxb5 31. Qd2 Rfb8 32. Nd4 Qa8 33. Nxb5 Rxb5 34. Rfd1 c4 35. Rb1 Rb3 36. Rxb3 cxb3 37. Qxd5 Qa7+ 38. Kh1 b2 39. Qb3 Qf2 40. Rb1 h5 41. Qxb2 Qxf4 42. Rd1 g5 43. Qb7+ Kg6 44. Qd5 g4 45. Qxd6 Qa4 46. hxg4 hxg4 47. Rd3 Qa1+ 48. Kh2 Qf1 49. Rg3 Qf5 50. Qd3 1-0

[Event "FIDE Olympiad Disabilties 2020"]
[Site "Online"]
[Date "2020.11.21"]
[Round "3.14"]
[White "Vaduva, Emil-Peter"]
[Black "Aslanhan, Halis"]
[Result "0-1"]
[WhiteElo "1968"]
[BlackElo "1810"]
[Annotator "TA"]
[PlyCount "104"]
[EventDate "2020.11.21"]
[EventType "team-tourn"]
[EventCountry "NET"]
[SourceTitle "playchess.com"]
[Source "ChessBase"]
[SourceQuality "1"]
[WhiteTeam "Romania"]
[BlackTeam "Turkey"]
[WhiteTeamCountry "ROU"]
[BlackTeamCountry "TUR"]

1. e4 c5 2. c3 d5 3. exd5 Qxd5 4. d4 cxd4 5. cxd4 Nc6 6. Nf3 e6 7. Nc3 Bb4 8. a3 Bxc3+ 9. bxc3 Nge7 10. Bd3 a6 11. a4 e5 12. c4 Qa5+ 13. Bd2 Qc7 14. d5 Nb8 15. Bc3 f6 16. Qc2 Bg4 17. Nd2 Nd7 18. f3 Bh5 19. Nb3 Rc8 20. Rc1 Nc5 21. Nxc5 Qxc5 22. Qd2 Qa7 23. Bb4 Bg6 24. Bxe7 Kxe7 25. Bxg6 hxg6 26. c5 Rxc5 27. d6+ Kd7 28. Ke2 Rhc8 29. Rxc5 Qxc5 30. Rd1 Rc6 31. Kf1 Rxd6 32. Qe2 Rxd1+ 33. Qxd1+ Ke7 34. g3 Qc4+ 35. Kg2 b5 36. axb5 axb5 37. Qb1 Kf7 38. Qd1 b4 39. Qd7+ Kg8 40. Qe8+ Kh7 41. Qd7 b3 42. Qb7 Qc2+ 43. Kh3 b2 44. Qd7 Qf5+ 45. Qxf5 gxf5 46. Kg2 b1=Q 47. h4 Qd1 48. Kf2 e4 49. fxe4 fxe4 50. Ke3 Qf3+ 51. Kd4 Qd3+ 52. Kc5 e3 0-1

[Event "FIDE Olympiad Disabilties 2020"]
[Site "Online"]
[Date "2020.11.21"]
[Round "3.14"]
[White "Florea, Dorina"]
[Black "Guleryuz, Zeynep"]
[Result "1/2-1/2"]
[WhiteElo "1741"]
[BlackElo "1199"]
[Annotator "NA"]
[PlyCount "45"]
[EventDate "2020.11.21"]
[EventType "team-tourn"]
[EventCountry "NET"]
[SourceTitle "playchess.com"]
[Source "ChessBase"]
[SourceQuality "1"]
[WhiteTeam "Romania"]
[BlackTeam "Turkey"]
[WhiteTeamCountry "ROU"]
[BlackTeamCountry "TUR"]

1. e4 e6 2. d4 d5 3. exd5 exd5 4. Nf3 Bd6 5. Nc3 Be6 6. Bd3 h6 7. Qe2 c6 8. O-O Nf6 9. Bd2 Nbd7 10. Rfe1 Qe7 11. h3 O-O-O 12. Qf1 Nh7 13. Bf5 Ng5 14. Nh2 Qf6 15. Bxg5 hxg5 16. Bxe6 fxe6 17. Rad1 Qf4 18. g3 Qf5 19. Ng4 Rdf8 20. Rd2 Nf6 21. Rde2 Nxg4 22. hxg4 Qxg4 23. Qg2 1/2-1/2

[Event "FIDE Olympiad Disabilties 2020"]
[Site "Online"]
[Date "2020.11.21"]
[Round "3.14"]
[White "Dal, Ibrahim"]
[Black "Marchidan, Costica"]
[Result "0-1"]
[WhiteElo "1626"]
[BlackElo "1770"]
[Annotator "NA"]
[PlyCount "90"]
[EventDate "2020.11.21"]
[EventType "team-tourn"]
[EventCountry "NET"]
[SourceTitle "playchess.com"]
[Source "ChessBase"]
[SourceQuality "1"]
[WhiteTeam "Turkey"]
[BlackTeam "Romania"]
[WhiteTeamCountry "TUR"]
[BlackTeamCountry "ROU"]

1. d4 Nf6 2. Nf3 g6 3. Bf4 Bg7 4. e3 O-O 5. Be2 d6 6. h3 Nbd7 7. O-O c5 8. c3 b6 9. Nbd2 Bb7 10. Qb1 Rc8 11. a4 a6 12. Re1 Ne8 13. Bd3 e5 14. dxe5 dxe5 15. Bg5 f6 16. Bh4 Nd6 17. Ne4 Nxe4 18. Bxe4 Bxe4 19. Qxe4 Kh8 20. Red1 Qc7 21. Qd3 Rcd8 22. Qxa6 Nb8 23. Qe2 Nc6 24. Rxd8 Rxd8 25. Rd1 Rxd1+ 26. Qxd1 Na5 27. Qd5 h5 28. Qe6 Qc6 29. Qf7 Kh7 30. b4 cxb4 31. cxb4 Qc4 32. Qe7 Nc6 33. Qc7 Qe6 34. Qxb6 e4 35. Nd4 Nxd4 36. Qxd4 f5 37. Qd1 f4 38. exf4 e3 39. fxe3 Qxe3+ 40. Bf2 Qxf4 41. b5 Be5 42. b6 Qh2+ 43. Kf1 Qh1+ 44. Ke2 Qxg2 45. Qd7+ Kh6 0-1

[Event "FIDE Olympiad Disabilties 2020"]
[Site "Online"]
[Date "2020.11.21"]
[Round "3.14"]
[White "Gungor, Gokhan R"]
[Black "Bratu, Gheorghe"]
[Result "0-1"]
[WhiteElo "1579"]
[BlackElo "1729"]
[Annotator "NA"]
[PlyCount "48"]
[EventDate "2020.11.21"]
[EventType "team-tourn"]
[EventCountry "NET"]
[SourceTitle "playchess.com"]
[Source "ChessBase"]
[SourceQuality "1"]
[WhiteTeam "Turkey"]
[BlackTeam "Romania"]
[WhiteTeamCountry "TUR"]
[BlackTeamCountry "ROU"]

1. e4 e5 2. Bc4 Nf6 3. d3 Bc5 4. Nf3 d6 5. c3 O-O 6. O-O a6 7. a4 h6 8. b4 Ba7 9. Be3 Be6 10. Nbd2 Nbd7 11. Qb3 Qe7 12. Bxa7 Rxa7 13. Rfe1 Nh5 14. d4 Bxc4 15. Nxc4 b5 16. axb5 exd4 17. Nxd4 Qg5 18. Nc6 Nf4 19. Ne3 Ne5 20. Nxa7 Nf3+ 21. Kh1 Qh5 22. gxf3 Qxf3+ 23. Kg1 Nh3+ 24. Kf1 Qxf2# 0-1

[Event "FIDE Olympiad Disabilties 2020"]
[Site "Online"]
[Date "2020.11.21"]
[Round "3.15"]
[White "Rivas Cabrera, Edgar"]
[Black "Rosales, Jhon Mike"]
[Result "0-1"]
[WhiteElo "2019"]
[BlackElo "1690"]
[Annotator "TA"]
[PlyCount "104"]
[EventDate "2020.11.21"]
[EventType "team-tourn"]
[EventCountry "NET"]
[SourceTitle "playchess.com"]
[Source "ChessBase"]
[SourceQuality "1"]
[WhiteTeam "Venezuela"]
[BlackTeam "Colombia"]
[WhiteTeamCountry "VEN"]
[BlackTeamCountry "COL"]

1. Nf3 Nf6 2. g3 d5 3. Bg2 g6 4. O-O Bg7 5. c4 e6 6. d4 O-O 7. Qb3 c6 8. Rd1 Nbd7 9. Nc3 Re8 10. Bf4 Nh5 11. Bg5 Qc7 12. Rac1 Qb6 13. e4 dxc4 14. Qc2 e5 15. d5 h6 16. Be3 Qc7 17. a4 Nhf6 18. h3 Rb8 19. Bxa7 Ra8 20. Be3 Nb6 21. d6 Qd8 22. b3 Be6 23. Nd2 cxb3 24. Nxb3 Nxa4 25. Nxa4 Rxa4 26. Nc5 Rc4 27. Qb1 Rxc1 28. Qxc1 Bc8 29. Bxh6 b6 30. Bxg7 Kxg7 31. Na4 Bb7 32. Qb2 b5 33. Nc5 Qb6 34. Qb4 Bc8 35. Kh2 Nd7 36. Nxd7 Bxd7 37. f4 c5 38. Qb2 f6 39. Qf2 b4 40. fxe5 Rxe5 41. Rc1 b3 42. Qb2 Be6 43. d7 Bxd7 44. Rc3 Be6 45. h4 c4 46. Rc1 Rc5 47. Rc3 Ra5 48. Rf3 Bf7 49. h5 Ra2 50. Qb1 Qc6 51. Rc3 Qc5 52. Rf3 c3 0-1

[Event "FIDE Olympiad Disabilties 2020"]
[Site "Online"]
[Date "2020.11.21"]
[Round "3.15"]
[White "Rodriguez Pirela, Luis Anibal"]
[Black "Zabala, Fidel"]
[Result "0-1"]
[WhiteElo "1880"]
[BlackElo "1909"]
[Annotator "NA"]
[PlyCount "190"]
[EventDate "2020.11.21"]
[EventType "team-tourn"]
[EventCountry "NET"]
[SourceTitle "playchess.com"]
[Source "ChessBase"]
[SourceQuality "1"]
[WhiteTeam "Venezuela"]
[BlackTeam "Colombia"]
[WhiteTeamCountry "VEN"]
[BlackTeamCountry "COL"]

1. d4 Nf6 2. Bg5 e6 3. e3 c5 4. Nf3 Nc6 5. c3 d5 6. Nbd2 Be7 7. Bd3 cxd4 8. exd4 h6 9. Bh4 O-O 10. O-O Bd7 11. Ne5 Rc8 12. f4 Be8 13. Qf3 Nh7 14. Bxe7 Nxe7 15. Qh3 Qd6 16. Rae1 f6 17. Ng4 Bd7 18. Qg3 Kh8 19. Re2 h5 20. Qh4 Be8 21. Ne3 Rg8 22. g4 g5 23. Qg3 gxf4 24. Rxf4 f5 25. h3 Ng6 26. Ng2 Nxf4 27. Nxf4 Qf8 28. Nxe6 Qh6 29. Qe5+ Qf6 30. Qxf6+ Nxf6 31. Bxf5 hxg4 32. hxg4 Nxg4 33. Kf1 Bh5 34. Nf4 Nf6 35. Nxh5 Nxh5 36. Bxc8 Ng3+ 37. Kf2 Nxe2 38. Kxe2 Rxc8 39. Kd3 Kg7 40. Nf3 Kf6 41. Ne5 Ke6 42. b3 Rh8 43. a4 Rh3+ 44. Kc2 Kf5 45. Nd7 b6 46. b4 Rh7 47. Ne5 Ke4 48. Kb3 Rh1 49. Ng4 Rb1+ 50. Kc2 Ra1 51. Kb3 Kd3 52. Ne5+ Kd2 53. Nf3+ Ke3 54. Ne5 Ke4 55. Nc6 a6 56. Ne5 Rb1+ 57. Kc2 Rf1 58. Kb3 Rf2 59. Nc6 Rf7 60. Ne5 Re7 61. Nc6 Re6 62. Nd8 Rf6 63. Kc2 Rf2+ 64. Kb3 Kd3 65. Nc6 Rc2 66. Ne5+ Kd2 67. Nf3+ Kc1 68. Ne5 Re2 69. Nd3+ Kd2 70. Ne5 Re3 71. Kb2 Rxc3 72. Nd7 Rc4 73. Kb3 b5 74. axb5 axb5 75. Ne5 Rxd4 76. Nf3+ Kd3 77. Ne5+ Ke4 78. Nc6 Rc4 79. Na7 Rc8 80. Nxb5 Rd8 81. Nc3+ Kd3 82. b5 d4 83. Na4 Ke2 84. Kb4 Rb8 85. b6 d3 86. Kb5 d2 87. Nb2 Rc8 88. b7 Rc2 89. Na4 d1=Q 90. b8=Q Qb1+ 91. Ka5 Qxb8 92. Nb6 Ra2+ 93. Kb5 Rb2+ 94. Kc4 Qxb6 95. Kc3 Qb4# 0-1

[Event "FIDE Olympiad Disabilties 2020"]
[Site "Online"]
[Date "2020.11.21"]
[Round "3.15"]
[White "Centenaro Erazo, Nicole Daniela"]
[Black "Palacios Figueroa, Barbara del Valle"]
[Result "1-0"]
[WhiteElo "1304"]
[BlackElo "1724"]
[Annotator "NA"]
[PlyCount "37"]
[EventDate "2020.11.21"]
[EventType "team-tourn"]
[EventCountry "NET"]
[SourceTitle "playchess.com"]
[Source "ChessBase"]
[SourceQuality "1"]
[WhiteTeam "Colombia"]
[BlackTeam "Venezuela"]
[WhiteTeamCountry "COL"]
[BlackTeamCountry "VEN"]

1. e4 c6 2. d4 d5 3. exd5 cxd5 4. Bd3 Nf6 5. Nf3 Nc6 6. c3 e6 7. Bf4 Bd6 8. Bxd6 Qxd6 9. O-O O-O 10. Nbd2 h6 11. Re1 Bd7 12. Ne5 Rac8 13. Rc1 Rfd8 14. Ndf3 a6 15. Bb1 Na5 16. Nxd7 Rxd7 17. Ne5 Rdc7 18. Qd3 Nc4 19. Re2 1-0

[Event "FIDE Olympiad Disabilties 2020"]
[Site "Online"]
[Date "2020.11.21"]
[Round "3.16"]
[White "Fernandez Manrique, Agustin"]
[Black "Jimenez Moron, Elias"]
[Result "1-0"]
[WhiteElo "2090"]
[BlackElo "1967"]
[Annotator "TA"]
[PlyCount "53"]
[EventDate "2020.11.21"]
[EventType "team-tourn"]
[EventCountry "NET"]
[SourceTitle "playchess.com"]
[Source "ChessBase"]
[SourceQuality "1"]
[WhiteTeam "Spain"]
[BlackTeam "Panama"]
[WhiteTeamCountry "ESP"]
[BlackTeamCountry "PAN"]

1. c4 c5 2. Nc3 b6 3. Nf3 Bb7 4. g3 Nc6 5. Bg2 Nd4 6. e3 Nxf3+ 7. Bxf3 Bxf3 8. Qxf3 Nf6 9. Nb5 d5 10. cxd5 a6 11. Nc3 g6 12. e4 Bg7 13. d3 O-O 14. Be3 Nd7 15. Qe2 b5 16. O-O Rc8 17. Rac1 c4 18. d4 h5 19. h3 Kh7 20. f4 f5 21. exf5 Rxf5 22. g4 hxg4 23. hxg4 Rf8 24. Ne4 Rh8 25. Bf2 Nf6 26. Ng5+ Kg8 27. Qe6+ 1-0

[Event "FIDE Olympiad Disabilties 2020"]
[Site "Online"]
[Date "2020.11.21"]
[Round "3.16"]
[White "Osorio, Jesus Camilo"]
[Black "Olivera Gutierrez, Albert"]
[Result "1-0"]
[WhiteElo "1859"]
[BlackElo "2097"]
[Annotator "TA"]
[PlyCount "95"]
[EventDate "2020.11.21"]
[EventType "team-tourn"]
[EventCountry "NET"]
[SourceTitle "playchess.com"]
[Source "ChessBase"]
[SourceQuality "1"]
[WhiteTeam "Panama"]
[BlackTeam "Spain"]
[WhiteTeamCountry "PAN"]
[BlackTeamCountry "ESP"]

1. d4 Nf6 2. c4 g6 3. Nc3 Bg7 4. Nf3 d6 5. Bg5 h6 6. Bh4 g5 7. Bg3 Bf5 8. e3 O-O 9. Bd3 Qd7 10. Qc2 Bxd3 11. Qxd3 c5 12. dxc5 dxc5 13. Qxd7 Nbxd7 14. Rc1 Nh5 15. O-O Nxg3 16. hxg3 e6 17. Rfd1 Rfd8 18. b3 g4 19. Nh2 h5 20. Kf1 Ne5 21. Ke2 Nc6 22. Ne4 b6 23. Rxd8+ Rxd8 24. Rd1 f5 25. Rxd8+ Nxd8 26. Nd6 Be5 27. Nb5 a6 28. Na3 h4 29. Nf1 h3 30. gxh3 gxh3 31. f4 Bf6 32. Kf3 Nc6 33. Nc2 e5 34. g4 exf4 35. exf4 fxg4+ 36. Kxg4 Nd4 37. Nce3 Ne2 38. Nd5 Bd8 39. a3 a5 40. Kxh3 Nd4 41. Nd2 Nc2 42. a4 Kf7 43. Kg4 Nd4 44. f5 Nc6 45. Nf3 Kg7 46. Kf4 Kf7 47. Ne5+ Nxe5 48. Kxe5 1-0

[Event "FIDE Olympiad Disabilties 2020"]
[Site "Online"]
[Date "2020.11.21"]
[Round "3.16"]
[White "Singares, Mario Oscar"]
[Black "Draghici Flutur, Gavril"]
[Result "0-1"]
[WhiteElo "1425"]
[BlackElo "2072"]
[Annotator "TA"]
[PlyCount "60"]
[EventDate "2020.11.21"]
[EventType "team-tourn"]
[EventCountry "NET"]
[SourceTitle "playchess.com"]
[Source "ChessBase"]
[SourceQuality "1"]
[WhiteTeam "Panama"]
[BlackTeam "Spain"]
[WhiteTeamCountry "PAN"]
[BlackTeamCountry "ESP"]

1. e4 c5 2. Nf3 Nc6 3. d4 cxd4 4. Nxd4 Nf6 5. Bc4 Nxe4 6. Nc3 Nxc3 7. bxc3 d5 8. Be2 e5 9. Nxc6 bxc6 10. O-O Bc5 11. Be3 Bxe3 12. fxe3 O-O 13. c4 Be6 14. Rb1 Qa5 15. cxd5 cxd5 16. e4 Qc5+ 17. Kh1 dxe4 18. Bh5 Rad8 19. Qe2 g6 20. Bg4 f5 21. Bh3 Bc4 22. Qe1 Bxf1 23. Qxf1 Rd2 24. g4 f4 25. Qd1 Rxd1+ 26. Rxd1 Qxc2 27. Rf1 f3 28. Rg1 e3 29. g5 f2 30. Rf1 e2 0-1

[Event "FIDE Olympiad Disabilties 2020"]
[Site "Online"]
[Date "2020.11.21"]
[Round "3.17"]
[White "Trkaljanov, Vladimir"]
[Black "Samarth J Rao"]
[Result "1-0"]
[WhiteElo "2096"]
[BlackElo "1664"]
[Annotator "TA"]
[PlyCount "135"]
[EventDate "2020.11.21"]
[EventType "team-tourn"]
[EventCountry "NET"]
[SourceTitle "playchess.com"]
[Source "ChessBase"]
[SourceQuality "1"]
[WhiteTeam "Macedonia"]
[BlackTeam "India"]
[WhiteTeamCountry "MKD"]
[BlackTeamCountry "IND"]

1. e4 e6 2. d4 d5 3. Nc3 dxe4 4. Nxe4 Nd7 5. Nf3 Ngf6 6. Bg5 Be7 7. Nxf6+ Nxf6 8. Bd3 b6 9. Qe2 Bb7 10. O-O-O Nd7 11. h4 h6 12. Be3 Bd6 13. g4 Qe7 14. Ba6 O-O-O 15. Nd2 Nf6 16. Bxb7+ Kxb7 17. Qf3+ Kb8 18. g5 Nd5 19. Ne4 Nxe3 20. fxe3 Rhf8 21. Rhf1 hxg5 22. hxg5 Qd7 23. Kb1 Be7 24. Qg4 f5 25. gxf6 gxf6 26. Nc3 f5 27. Qf3 Bb4 28. Ne2 Bd6 29. Nc1 Rg8 30. Ne2 Rg4 31. d5 exd5 32. Qxd5 c6 33. Qxf5 Qxf5 34. Rxf5 Kc7 35. Nd4 Re8 36. Rf7+ Re7 37. Rxe7+ Bxe7 38. c3 Re4 39. Re1 Bg5 40. Nc2 c5 41. Kc1 Rh4 42. Kd2 Rh2+ 43. Re2 Rh3 44. Kd3 Kc6 45. Rg2 Bh6 46. a4 a6 47. Rg6+ Kc7 48. a5 b5 49. Rxa6 c4+ 50. Ke4 Rh2 51. Nd4 Rh5 52. Rb6 Rh4+ 53. Kf3 Rh3+ 54. Kg4 Rh2 55. Nxb5+ Kc8 56. Nd6+ Kc7 57. Nxc4 Rg2+ 58. Kf3 Rh2 59. a6 Rh1 60. Rb7+ Kc6 61. Na5+ Kc5 62. a7 Rf1+ 63. Ke2 Rf8 64. Rb8 Rd8 65. Rxd8 Bxe3 66. a8=Q Bf4 67. b4+ Kb6 68. Qb7# 1-0

[Event "FIDE Olympiad Disabilties 2020"]
[Site "Online"]
[Date "2020.11.21"]
[Round "3.17"]
[White "Venkata, Krishna Karthik K"]
[Black "Zafirovski, Tode"]
[Result "1/2-1/2"]
[WhiteElo "1903"]
[BlackElo "2138"]
[Annotator "TA"]
[PlyCount "95"]
[EventDate "2020.11.21"]
[EventType "team-tourn"]
[EventCountry "NET"]
[SourceTitle "playchess.com"]
[Source "ChessBase"]
[SourceQuality "1"]
[WhiteTeam "India"]
[BlackTeam "Macedonia"]
[WhiteTeamCountry "IND"]
[BlackTeamCountry "MKD"]

1. e4 e5 2. Nf3 Nc6 3. d4 exd4 4. Nxd4 d6 5. c4 Nf6 6. Nc3 Bg4 7. f3 Bh5 8. Be2 Be7 9. b3 O-O 10. Bb2 Nd7 11. Nd5 Bh4+ 12. g3 Bf6 13. Nxf6+ Qxf6 14. Qd2 Nxd4 15. Bxd4 Qe6 16. Qb2 f6 17. O-O Kh8 18. Rae1 b6 19. f4 Bxe2 20. Qxe2 Rae8 21. Qh5 Nc5 22. Bxc5 dxc5 23. e5 f5 24. Rd1 Rd8 25. Rxd8 Rxd8 26. Rd1 Rd7 27. Qf3 h6 28. Rxd7 Qxd7 29. Qd5 Qxd5 30. cxd5 Kg8 31. a4 Kf7 32. Kf2 a6 33. Ke3 b5 34. axb5 axb5 35. h3 h5 36. Kd3 Ke7 37. Kc3 Kd7 38. Kd3 Ke7 39. Ke3 Kd7 40. h4 Ke7 41. Kd2 Kd7 42. Kc3 Ke7 43. b4 c4 44. Kd4 Kd7 45. Ke3 Ke7 46. Kd4 Kd7 47. Kc3 Ke7 48. Kd4 1/2-1/2

[Event "FIDE Olympiad Disabilties 2020"]
[Site "Online"]
[Date "2020.11.21"]
[Round "3.17"]
[White "Soundarya Kumar Pradhan"]
[Black "Selkovski, Zarko"]
[Result "1-0"]
[WhiteElo "1746"]
[BlackElo "2007"]
[Annotator "TA"]
[PlyCount "89"]
[EventDate "2020.11.21"]
[EventType "team-tourn"]
[EventCountry "NET"]
[SourceTitle "playchess.com"]
[Source "ChessBase"]
[SourceQuality "1"]
[WhiteTeam "India"]
[BlackTeam "Macedonia"]
[WhiteTeamCountry "IND"]
[BlackTeamCountry "MKD"]

1. d4 Nf6 2. c4 g6 3. Nc3 Bg7 4. Nf3 O-O 5. Bg5 h6 6. Bh4 d6 7. e3 Nbd7 8. Qc2 c6 9. Be2 Qc7 10. h3 a6 11. b4 e5 12. O-O Re8 13. a4 Nf8 14. Bg3 Bf5 15. e4 exd4 16. exf5 dxc3 17. Rad1 Ne4 18. Bh2 gxf5 19. c5 Qe7 20. cxd6 Nxd6 21. Bxd6 Qxe2 22. Qxf5 Qe4 23. Qc5 b6 24. Qxb6 c2 25. Rc1 Bb2 26. Rfe1 Qc4 27. Ne5 Qc3 28. Qb7 Bxc1 29. Qxf7+ Kh8 30. Rxc1 Qd2 31. Qf6+ Kh7 32. Qf5+ Kh8 33. Rxc2 Qd1+ 34. Kh2 Qxd6 35. f4 Qe6 36. Qh5 Qf6 37. g3 Rad8 38. h4 Re7 39. Rxc6 Rd2+ 40. Kh3 Re6 41. Nf7+ Kg7 42. Rc7 Nd7 43. Ne5 Red6 44. Qg4+ Kh7 45. Nxd7 1-0

[Event "FIDE Olympiad Disabilties 2020"]
[Site "Online"]
[Date "2020.11.21"]
[Round "3.18"]
[White "Tsitou, Dzmitry"]
[Black "Mgeladze, Anna"]
[Result "1-0"]
[WhiteElo "1773"]
[BlackElo "1386"]
[Annotator "NA"]
[PlyCount "55"]
[EventDate "2020.11.21"]
[EventType "team-tourn"]
[EventCountry "NET"]
[SourceTitle "playchess.com"]
[Source "ChessBase"]
[SourceQuality "1"]
[WhiteTeam "Belarus"]
[WhiteTeamCountry "BLR"]

1. e4 e5 2. Nf3 Nc6 3. d4 exd4 4. Bc4 Qf6 5. O-O d6 6. Bg5 Qg6 7. Bf4 Qxe4 8. Re1 Bf5 9. Rxe4+ Bxe4 10. Nxd4 Nxd4 11. Qxd4 O-O-O 12. Qxe4 Nf6 13. Qf3 d5 14. Bb3 c6 15. Nc3 d4 16. Ne4 Nxe4 17. Qxe4 Rd7 18. Bxf7 Bc5 19. Be6 Rhd8 20. Re1 d3 21. cxd3 Bd6 22. Bg5 Be7 23. Bxe7 Re8 24. Bd6 Kd8 25. Qh4+ Kc8 26. Bxd7+ Kxd7 27. Rxe8 Kxe8 28. Qe7# 1-0

[Event "FIDE Olympiad Disabilties 2020"]
[Site "Online"]
[Date "2020.11.21"]
[Round "3.18"]
[White "Kapanadze, Mariam"]
[Black "Mikhalionak, Alena"]
[Result "0-1"]
[WhiteElo "1421"]
[BlackElo "1508"]
[Annotator "NA"]
[PlyCount "52"]
[EventDate "2020.11.21"]
[EventType "team-tourn"]
[EventCountry "NET"]
[SourceTitle "playchess.com"]
[Source "ChessBase"]
[SourceQuality "1"]
[BlackTeam "Belarus"]
[BlackTeamCountry "BLR"]

1. e4 e6 2. Nf3 d5 3. e5 c5 4. d3 Nc6 5. c3 Qc7 6. Bf4 Nge7 7. Be3 Nf5 8. Bf4 Be7 9. g4 Nh4 10. Nxh4 Bxh4 11. Na3 a6 12. Qb1 b5 13. Nc2 Bb7 14. b4 Be7 15. a3 O-O 16. Qc1 d4 17. c4 cxb4 18. cxb5 axb5 19. Nxb4 Bxb4+ 20. axb4 Rxa1 21. Qxa1 Nxb4 22. Rg1 Nc2+ 23. Kd2 Nxa1 24. Be2 Qc3+ 25. Kd1 Qb3+ 26. Kc1 Qc2# 0-1

[Event "FIDE Olympiad Disabilties 2020"]
[Site "Online"]
[Date "2020.11.21"]
[Round "3.19"]
[White "Figueroa Morales, Tomas"]
[Black "Gelman, Gennadiy"]
[Result "1-0"]
[WhiteElo "2093"]
[BlackElo "1919"]
[Annotator "TA"]
[PlyCount "71"]
[EventDate "2020.11.21"]
[EventType "team-tourn"]
[EventCountry "NET"]
[SourceTitle "playchess.com"]
[Source "ChessBase"]
[SourceQuality "1"]
[WhiteTeam "Chile"]
[BlackTeam "Azerbaijan"]
[WhiteTeamCountry "CHI"]
[BlackTeamCountry "AZE"]

1. d4 d5 2. c4 e6 3. Nc3 Nf6 4. Bg5 Be7 5. e3 O-O 6. Nf3 c6 7. Bd3 Nbd7 8. O-O h6 9. Bh4 Re8 10. Qe2 Bd6 11. Rad1 Qc7 12. c5 Be7 13. e4 dxe4 14. Nxe4 Nd5 15. Bg3 Qd8 16. Nd6 Bxd6 17. Bxd6 N7f6 18. Rfe1 b6 19. Bb1 bxc5 20. dxc5 a5 21. Ne5 Bd7 22. h4 Nh7 23. Qe4 f5 24. Qf3 Ra7 25. g3 Nhf6 26. g4 fxg4 27. Nxg4 Nxg4 28. Qxg4 e5 29. Qg6 Re6 30. Qh7+ Kf7 31. Rxe5 Rxd6 32. cxd6 Nf6 33. Qg6+ Kg8 34. Re7 Qf8 35. Rd4 Be8 36. Rxe8 1-0

[Event "FIDE Olympiad Disabilties 2020"]
[Site "Online"]
[Date "2020.11.21"]
[Round "3.19"]
[White "Shahpalangov, Aydin"]
[Black "Gonzalez Astete, Cristian"]
[Result "1-0"]
[WhiteElo "1945"]
[BlackElo "2130"]
[Annotator "TA"]
[PlyCount "117"]
[EventDate "2020.11.21"]
[EventType "team-tourn"]
[EventCountry "NET"]
[SourceTitle "playchess.com"]
[Source "ChessBase"]
[SourceQuality "1"]
[WhiteTeam "Azerbaijan"]
[BlackTeam "Chile"]
[WhiteTeamCountry "AZE"]
[BlackTeamCountry "CHI"]

1. e4 c5 2. Nf3 d6 3. d4 cxd4 4. Qxd4 Nc6 5. Bb5 Bd7 6. Bxc6 bxc6 7. O-O e5 8. Qd3 Qc7 9. c4 Ne7 10. Rd1 Ng6 11. Nc3 Be7 12. b3 Rd8 13. Ne2 O-O 14. Ng3 Nf4 15. Qc2 Bg4 16. Bxf4 exf4 17. Ne2 Bf6 18. Rac1 Bxf3 19. gxf3 Rfe8 20. Qd2 Be5 21. Kh1 Re6 22. Rg1 Rh6 23. Rg4 Qe7 24. Ng3 Rg6 25. Nf5 Qf6 26. Rd1 d5 27. cxd5 cxd5 28. Qb4 d4 29. Ne7+ Kh8 30. Nxg6+ hxg6 31. Qa5 d3 32. Qb5 d2 33. Qf1 g5 34. Qg2 g6 35. Rxg5 Kg7 36. Rg4 Rc8 37. Qf1 Qd6 38. Rg1 Rc2 39. Qb5 Bb2 40. h4 Rc1 41. Qe2 Rc2 42. Qb5 Bc1 43. h5 Rc5 44. Qe2 Rxh5+ 45. Kg2 Qd7 46. Rh1 Rxh1 47. Rxh1 Qe7 48. Qb5 Bb2 49. Qd5 Bc3 50. Kf1 Qe5 51. Qxe5+ Bxe5 52. Ke2 Bc3 53. Rb1 a5 54. a3 Kf6 55. b4 axb4 56. axb4 Ke6 57. Rb3 Bd4 58. Rd3 d1=Q+ 59. Rxd1 1-0

[Event "FIDE Olympiad Disabilties 2020"]
[Site "Online"]
[Date "2020.11.21"]
[Round "3.19"]
[White "Aghalarov, Habibulla"]
[Black "Basualto Penalieres, Pedro"]
[Result "0-1"]
[WhiteElo "1923"]
[BlackElo "2025"]
[Annotator "TA"]
[PlyCount "60"]
[EventDate "2020.11.21"]
[EventType "team-tourn"]
[EventCountry "NET"]
[SourceTitle "playchess.com"]
[Source "ChessBase"]
[SourceQuality "1"]
[WhiteTeam "Azerbaijan"]
[BlackTeam "Chile"]
[WhiteTeamCountry "AZE"]
[BlackTeamCountry "CHI"]

1. e4 e5 2. Nf3 Nc6 3. Bc4 Be7 4. O-O Nf6 5. d3 O-O 6. Nc3 d6 7. h3 Na5 8. Bb3 Nxb3 9. axb3 c6 10. d4 Qc7 11. Qe2 Nd7 12. Be3 Bf6 13. d5 c5 14. b4 b6 15. b5 Nb8 16. Nd2 a5 17. Nc4 Nd7 18. Qd2 Re8 19. Bg5 Bxg5 20. Qxg5 Nf8 21. Na4 Rb8 22. Ra3 f6 23. Qh5 Bd7 24. Rb3 Re7 25. Kh2 Be8 26. Qe2 Bg6 27. h4 h6 28. h5 Bh7 29. g4 Nd7 30. f3 Kh8 0-1